000 00620nam a2200205Ia 4500
003 OSt
005 20230427092426.0
008 210423s2007 xx 000 0 und d
020 _a9788130918884
040 _cAL
041 _aeng
082 _a820.9 BLOM
_223
100 _aBLOOM (Harold),Ed.
_993674
245 _aModern critical interpretations Tennessee Williams a streetcar named desire.
260 _aNew Delhi
_bViva Books Pvt Ltd
_c2007
300 _a136
_bPB
365 _b145
_cINR
906 _acritical ; desire. ; interpretations ; Modern ; named ; streetcar ; Tennessee ; Williams
942 _2ddc
_cBK
999 _c161736
_d161736